Hodnotiaci pohovor ako účinný nástroj manažéra
Správne a pravidelne vykonávaný hodnotiaci pohovor manažéra s podriadeným a jeho význam. Obsah a vedenie hodnotiaceho pohovoru.
Na minha lista:
| Autor principal: | |
|---|---|
| Formato: | Capítulo de Livro |
| Idioma: | eslovaco |
| Assuntos: | |
| Tags: |
Sem tags, seja o primeiro a adicionar uma tag!
|
MARC
| LEADER | 00000naa a2200000 4500 | ||
|---|---|---|---|
| 001 | 0196291 | ||
| 005 | 20231120134909.4 | ||
| 041 | 0 | |a slo | |
| 044 | |a SK | ||
| 245 | 1 | 0 | |a Hodnotiaci pohovor ako účinný nástroj manažéra |c Monika Rolková |
| 520 | |a Správne a pravidelne vykonávaný hodnotiaci pohovor manažéra s podriadeným a jeho význam. Obsah a vedenie hodnotiaceho pohovoru. | ||
| 610 | 2 | 0 | |a podnik |
| 610 | 2 | 0 | |a hodnotenie pracovníkov |
| 610 | 2 | 0 | |a pohovor |
| 100 | 1 | |a Rolková, Monika | |